[Event "Solin 12th"]
[Site "Solin/Split"]
[Date "2004.12.06"]
[Round "4"]
[White "Godena, Michele"]
[Black "Ljubicic, Filip"]
[Result "1-0"]
[WhiteElo "2550"]
[BlackElo "2395"]
[Annotator "Erenburg,S"]
[PlyCount "59"]
[EventDate "2004.12.03"]
[EventType "tourn"]
[EventRounds "9"]
[EventCountry "CRO"]
[EventCategory "10"]
[SourceTitle "CBM 105"]
[Source "ChessBase"]
[SourceDate "2005.04.11"]
[SourceVersion "1"]
[SourceVersionDate "2005.04.11"]
[SourceQuality "1"]

1. e4 d6 2. d4 g6 3. Nf3 Bg7 4. c3 Nf6 5. Bd3 O-O 6. O-O Nc6 {Black's main
plan in this position is to attack White's centre through e7-e5 with possible
capture on d4 and pressure on white's e4 pawn along the "e" file. Black tried
to carry out e7-e5 with} (6... Nh5 {as well:} 7. Re1 e5 8. h3 Nc6 9. Be3 h6 10.
Na3 a6 11. Nc2 Qf6 12. Bf1 Nf4 13. Kh2 g5 14. g3 Nxh3 15. Bxh3 g4 16. Nxe5 gxh3
17. Nd3 $14 {1-0 Zagrebelny,S-Kakageldyev,A/Doha 2003/CBM 94/[Erenburg] (29)})
7. Re1 e5 8. h3 $1 {[%cal Yc8g4,Gh3g4] covering the g4-square, thus, making
his centre more stabile.} Re8 {Black has the following alternatives:} (8... h6
9. Na3 Bd7 10. dxe5 dxe5 11. Nc4 Nh5 12. Bf1 a5 13. b3 Re8 14. Ne3 Qc8 15. Nd5
$14 {1/2-1/2 Anand,V-Tkachiev,V/Moscow 2001/CBM 86 (71)}) (8... a6 9. Be3 h6
10. Na3 Re8 11. Qd2 $6 exd4 12. cxd4 Nxe4 13. Bxe4 Rxe4 14. Bxh6 d5 $1 15. Bxg7
Kxg7 16. Nc2 Qf6 17. Qg5 Bf5 18. Qxf6+ Kxf6 19. Ne3 Be6 20. Rad1 $10 {
Kuporosov,V-Ehlvest,J,Helsinki op 1992-CBM 32}) (8... Bd7 9. Be3 Re8 10. Nbd2
h6 11. a3 Nh5 12. b4 Nf4 13. Bxf4 exf4 14. Bc4 Re7 15. Nb3 Qe8 16. Qd3 Nd8 17.
Nbd2 Kh8 18. Re2 a6 19. Rae1 $14 {Kuporosov,V-Sturua,Z,Helsinki op 1992-CBM 32}
) 9. Na3 {preparing to transfer the queenside knight to c4 or to c2. Other
possibilies are:} (9. d5 Ne7 10. c4 Nh5 11. Nc3 h6 12. b4 a5 13. bxa5 Rxa5 14.
Bd2 Ra8 15. Bf1 Rf8 16. a4 f5 17. exf5 Nxf5 $8 18. Ne4 {[%csl Ge4]} Nd4 19.
Nxd4 exd4 20. Ra3 $1 $14 {1-0 Kindermann,S-Berelovich,A/Germany 2003/CBM 94/
[Erenburg] (31)}) (9. Nbd2 {see 1/2-1/2 Cao Sang-Ovsejevitsch,S/Budapest 1999/
CBM 73/[Finkel,A] (29)}) (9. dxe5 dxe5 10. Na3 Qe7 11. Nc4 Rd8 12. Qc2 Nh5 13.
Bg5 Bf6 14. Bh6 Nf4 15. Bf1 Bg7 16. Bg5 f6 17. Bh4 Be6 18. Nfd2 Bh6 19. Red1
$10 {Davies,N-Gavrikov,V,Budapest Texta 1988-CBM 09}) (9. a3 h6 10. Bc2 Nh5 11.
b4 Qf6 12. d5 Ne7 13. c4 Nf4 14. Nc3 a6 $132 {Karlsson,L-Jansa,V/Oslo 1988})
9... a6 {covering the b5 square, thus, adding the resource of b7-b5 after
white's Na3-c4.} (9... h6 {was also played:} 10. Nc2 Bd7 11. Bd2 a5 12. b3 Nh5
13. Qc1 g5 14. Bf1 Qf6 15. dxe5 dxe5 16. Ne3 Nf4 17. Nd5 $14 {Rublevsky,
S-Krasenkow,M/Rubinstein mem 1996}) 10. Nc2 (10. Bd2 h6 11. Rc1 Nh5 12. Nc2 Kh7
13. a3 Bd7 14. b4 Nf6 15. Rb1 Qc8 16. Bc4 Re7 17. d5 Nb8 18. Bf1 c6 19. c4 $14
{1-0 Smagin,S-Ivanov,T/Moscow 1995/CBM 47 ext (49)}) 10... h6 11. Bd2 (11. a4
b6 12. d5 Na5 13. Nb4 Rf8 14. Nd2 Nd7 15. Nc4 Nxc4 16. Bxc4 f5 17. exf5 gxf5
18. f4 Qh4 19. Rf1 Bb7 20. Qe2 $14 {1-0 Anka,E-Kozakov,M/Valjevo 2000/CBM 76
ext (45)}) 11... Kh7 $146 (11... Bd7 {1/2-1/2 Magem Badals,J-Tkachiev,V/Las
Vegas 1999/CBM 72/[Gershon] (37)}) 12. a3 {White's plan in this position is to
manage initiative on the queenside by pushing his queenside pawns forward.} Rb8
13. Rc1 {White is ready to play d4-d5 with following c3-c4, b3-b4 and
breakthrough c4-c5.} d5 $5 {A logical attempt to equalize the game.} ({After} 
13... Bd7 {white gets comfortable position:} 14. d5 Ne7 15. c4 $14) 14. exd5
Qxd5 15. Nxe5 $1 Nxe5 16. Rxe5 Rxe5 17. Nb4 $1 {[%cal Yb4d5,Yb4d3] A very
important tempo! Now White's knight joins the battle.} Qd6 18. dxe5 Qxe5 19.
Qf3 $1 {[%cal Yd2f4,Yc1e1] preparing the occupation of the "e" file and the
diagonal h2-b8.} a5 $1 ({Black doesn't equalize after} 19... Be6 20. Bf4 Qc5
21. Re1 $14) 20. Re1 {allows black to trade the queens...} ({Therefore} 20. Bf4
Qc5 21. Nc2 $14 {deserves attention.}) 20... Qc5 $2 {Black should have changed
the queens by} (20... Qh5 $1 21. Qxh5 Nxh5 22. Nc2 (22. Nd5 Be6 $1 23. Nf4 $11
(23. Nxc7 Rd8 $17)) 22... Be6 23. Nd4 Rd8 24. Be3 Bxd4 25. cxd4 (25. Bxd4 c5
$19) 25... Nf6 $11) 21. Be3 Qd6 ({Now the White bishops are already not
located on the "d" file, that makes Black's position unpleasant.} 21... Qh5 22.
Qxh5 Nxh5 23. Nd5 c6 24. Nf4 Nf6 25. Bb6 $16) 22. Bf4 Qb6 $6 (22... Qd7 $1 {
was more resistant.} 23. Be5 axb4 24. Bxf6 bxa3 25. bxa3 Bf8 (25... Qd6 26. Be7
$1 $18) 26. Bd4 $16) {[%tqu "En","Please find the best move for white.","","",
"e1e7","",10]} 23. Re7 $1 $18 {Now White wins a lot of material.} axb4 (23...
Be6 {doesn't change anything:} 24. Bxc7 Qc5 25. Rxe6 Qxc7 26. Rxf6 Bxf6 27. Nd5
$18) 24. Bxc7 Qc5 25. Rxf7 Kg8 26. axb4 Qg5 27. Rxg7+ Kxg7 28. Bxb8 {White is
three pawns up without any chance for Black...} h5 29. Bf4 Qh4 30. Qe3 {
[%cal Yf4g5]} 1-0

[Event "Asia-ch 4th"]
[Site "Doha"]
[Date "2003.02.23"]
[Round "2"]
[White "Zagrebelny, Sergey"]
[Black "Kakageldyev, Amanmurad"]
[Result "1-0"]
[WhiteElo "2540"]
[BlackElo "2469"]
[Annotator "Erenburg,S"]
[PlyCount "57"]
[EventDate "2003.02.22"]
[EventType "swiss"]
[EventRounds "9"]
[EventCountry "QAT"]
[SourceTitle "CBM 094"]
[Source "ChessBase"]
[SourceDate "2003.05.26"]
[SourceVersion "1"]
[SourceVersionDate "2003.05.26"]
[SourceQuality "1"]

1. e4 g6 2. d4 Bg7 3. Nf3 d6 4. Bd3 Nf6 5. O-O O-O 6. c3 Nh5 7. Re1 e5 8. h3
Nc6 9. Be3 h6 {Black also tried:} (9... Nf4 10. Bxf4 exf4 11. Nbd2 Re8 12. Nf1
h5 13. Bc4 $14 {1/2-1/2 Chernin,A-Gulko,B/New Delhi/Theran 2000/CBM 80 (25)}) (
9... Re8 10. Nbd2 a6 11. a3 Nf4 12. Bxf4 exf4 13. Bc4 h6 14. b4 b5 15. Bd5 $14
{1/2-1/2 Spraggett,K-Strikovic,A/Sevilla 1999/EXT 2000 (26)}) 10. Na3 a6 11.
Nc2 {Another continuations white has tried:} (11. Kh2 {1-0 Smirin,I-Bologan,V/
Debrecen 1992/EU-chT/[Bulletin] (60)}) (11. Nc4 Qf6 12. Bf1 Nf4 13. Kh2 g5 14.
d5 Ne7 15. g3 Nxh3 16. Bxh3 g4 17. Nfxe5 gxh3 18. Nd3 Ng6 19. Bd4 $16 {1-0
Komarov,D-Bauer,C/FRA 1995/EXT 97 (52)}) 11... Qf6 12. Bf1 {In according to my
database this move is new. In the preceding game white played:} (12. a4 {
, but didn't achieve anything special:} Nf4 13. Bxf4 $6 Qxf4 14. Ne3 Qf6 15.
dxe5 dxe5 $11 {1-0 Brodsky,M-Siebrecht,S/Hamburg 2001/CBM 82 ext (41)}) 12...
Nf4 13. Kh2 {This move is typical for such positions. Black's strongest piece
is knight on f4, so white is preparing to drive away it with g2-g3.} g5 14. g3
Nxh3 {Black is trying to get the counterplay on the kingside, while he had
more quiet continuation:} (14... Ng6 15. d5 (15. Bg2 $5 {deserves attetnion as
well.}) 15... Nce7 16. Nd2 {white is ready to develop the initiative on the
queen side, while it wil not be easy to black to get something on the king
side:} Nh8 17. c4 Qg6 18. g4 $5 $14) 15. Bxh3 g4 16. Nxe5 gxh3 17. Nd3 $14 {
In spite of the black's pair of bishops, white's position is slightly better,
thanks to the better pawn structure and strong knights in the center. Also we
can note the fact that it will be very difficult to black to use the weakness
of the light squares in the white camp due to his pawn on h3, which will help
to white to parry the attack on his king.} (17. Nxc6 bxc6 18. Bf4 $14) 17...
Qg6 18. Bd2 {[%cal Yc2e3,Gd3f4] allowing to the c2-knight to occupy the e3
square.} (18. f3 f5 $5) {According to the well-known rule, the side who has a
pair of bishops should open the game, so...} 18... f5 19. Nf4 Qf7 20. exf5 Bxf5
21. Ne3 Bd7 22. Nxh3 (22. Qb3 {deserves attention}) 22... Qe6 ({Of course not} 
22... Bxh3 $6 23. Kxh3 Qxf2 $4 24. Rf1 $18) ({Better was} 22... Rae8 $13) 23.
g4 (23. Nf4 $2 Rxf4 $1 24. gxf4 Qh3+ 25. Kg1 Kh8 $1 {[%cal Ga8g8]} 26. Ng2 Bxd4
27. Be3 Bf6 $40) 23... h5 (23... Qf6 24. f4 $14) 24. f4 $6 {White has missed
the more attractive option:} ({The best continuation was} 24. d5 $1 Qe5+ 25.
Kg1 (25. f4 Rxf4 26. Nxf4 Qxf4+ $44 {[%cal Yc6e5]}) 25... Na7 26. Nf5 Rxf5 (
26... Qf6 27. Bg5 Qf7 28. Re7) 27. Rxe5 Rxe5 28. Ng5 $16) (24. Rg1 {comes to
consideration as well.}) 24... hxg4 25. Ng5 Qh6+ $2 {This move helps white
very much. Anyway white should play Kg3.} ({Black should play} 25... Qg6 $1 26.
Kg3 Bf6 27. Nxg4 Bxg5 28. fxg5 Kg7 $1 $44) 26. Kg3 Rxf4 $4 {loses on the spot.}
({More resistant was} 26... Bf6 27. Rh1 Bxg5 28. Rxh6 Bxf4+ $16) (26... Qg6 27.
Qb3+ Kh8 28. Rh1+ Bh6 $16) 27. Qb3+ Kf8 (27... Kh8 28. Rh1 $18) 28. Rf1 $1 Rxf1
29. Rxf1+ (29. Rxf1+ Ke7 30. Qf7+ Kd8 31. Qg8+ Be8 32. Nf7+ $18) 1-0

[Event "EU-ch 4th"]
[Site "Istanbul"]
[Date "2003.06.01"]
[Round "3"]
[White "Pavasovic, Dusko"]
[Black "Azmaiparashvili, Zurab"]
[Result "0-1"]
[WhiteElo "2584"]
[BlackElo "2678"]
[Annotator "Erenburg,S"]
[PlyCount "102"]
[EventDate "2003.05.30"]
[EventType "swiss"]
[EventRounds "13"]
[EventCountry "TUR"]
[SourceTitle "CBM 096"]
[Source "ChessBase"]
[SourceDate "2003.09.25"]
[SourceVersion "1"]
[SourceVersionDate "2003.09.25"]
[SourceQuality "1"]

1. e4 d6 2. d4 Nf6 3. Nc3 g6 4. g3 Bg7 5. Bg2 O-O 6. Nge2 Na6 {preparing
typical c7-c5 or e7-e5. Another theoretical possibilities are:} (6... Nbd7 7.
O-O c5 8. h3 (8. d5 Ne8 9. a4 a6 10. Be3 Rb8 11. Qd2 (11. a5 $142 $5 $14) 11...
Ne5 12. b3 b5 13. Rae1 Bd7 14. axb5 axb5 15. Kh1 b4 16. Nd1 Ng4 17. Bf4 e5 18.
dxe6 fxe6 19. f3 Ne5 20. Bh6 Bb5 $15 {Timoshenko,G-Minasian,A,URS-chJ Kherson
1991-EXP 21}) 8... cxd4 (8... a6 {Stohl} 9. Be3 Qc7 10. Qd2 cxd4 11. Nxd4 Ne5
12. b3 e6 13. Rad1 Rd8 $6 14. f4 Nc6 15. Nxc6 bxc6 16. Na4 Rb8 17. c4 Rd7 18.
c5 d5 19. Nb6 Re7 20. e5 Ne8 21. Bd4 $16 {Bashkov,V-Minasian,A,Podolsk tt
1990-TD90_02}) 9. Nxd4 a6 10. Be3 Ne5 11. b3 Bd7 12. Nd5 Nc6 13. c4 Nxd5 14.
exd5 Nxd4 15. Bxd4 b5 16. Bxg7 Kxg7 17. Qd4+ Kg8 18. c5 $14 {Sinowjwew,
Y-Brestian,E,Oberwart op 1991}) (6... c5 7. dxc5 dxc5 8. Qxd8 Rxd8 9. Be3 Na6
10. h3 Ne8 11. Nd5 Kf8 12. O-O-O Bd7 13. Bg5 f6 14. Bd2 Bc6 15. Nef4 Kf7 16.
Rhe1 e6 17. Nc3 Nd6 $10 {Abdelnabi,I-Speelman,J,Luzern tt 1989-CBM 16}) 7. h3 {
White has tried also} (7. Bf4 $5 {1-0 Hort,V-Gallagher,J/Biel 1991/CBM 25/
[Stohl] (54)}) (7. O-O e5 (7... c5 8. e5 Ne8 9. dxc5 Nxc5 10. exd6 Nxd6 11. Nd4
Bd7 $11 {1/2-1/2 Genba,V-Chernin,A/Biel 1997/CBM 60 ext (39)}) 8. h3 Re8 9. Be3
exd4 10. Bxd4 Bd7 11. g4 Nb4 12. g5 Nh5 13. Bxg7 Nxg7 14. h4 Bg4 $11 {1-0
Kavalek,L-Ftacnik,L/Ceska Trebova 1997/EXT 98 (43)}) 7... c5 {The main
alternative to c7-c5 is 7...e7-e5:} (7... Rb8 $6 8. a4 c5 9. O-O b6 10. Nb5 $5
Bb7 11. d5 Ra8 12. Be3 Nc7 13. Nxc7 Qxc7 14. c4 Rfe8 15. Nc3 Rad8 16. Qd2 a5
17. Bg5 {Zupe,M-Jacimovic,D,Cetinje tt 1990}) (7... e5 8. Be3 Re8 9. Qd2 exd4
10. Bxd4 Bd7 11. O-O Bc6 12. Rad1 Nc5 13. f3 Ne6 14. Be3 Nd7 15. b3 a5 16. Nd4
Nxd4 17. Bxd4 Bxd4+ 18. Qxd4 Qg5 $11 {1/2-1/2 Sadler,M-Ftacnik,L/Ischia 1996/
CBM 54 (53)}) 8. Be3 cxd4 9. Nxd4 Nc7 {Black prepares to provide the
breakthrough d6-d5, while the following continuation is possible as well.} (
9... Bd7 10. O-O Nc7 11. Qd2 Qc8 12. Kh2 Rd8 13. Nd5 Nfxd5 14. exd5 Nb5 15.
Rfe1 Re8 16. c3 Nxd4 17. Bxd4 Bxd4 18. Qxd4 $14 {0-1 Malakhov,V-Fedorov,V/
Moscow 1996/CBM 56 ext (77)}) 10. O-O {White can prevent black's d6-d5 with} (
10. Nb3 Bd7 11. O-O Nb5 12. Ne2 Qc8 $11 {1/2-1/2 Howell,J-Hodgson,J/Dublin
1993/CBM 34 ext (22)}) 10... d5 11. exd5 $146 {In the previous game white
continued} (11. e5 Ne4 12. Nxe4 dxe4 13. Kh2 $2 (13. Qe2 Bxe5 14. Rad1 $14)
13... Nd5 14. Bc1 Bxe5 15. Bxe4 Nf6 $15 {1/2-1/2 Ermenkov,E-Matera,S/New York
1980/MCD (27)}) 11... Nfxd5 12. Nxd5 Nxd5 13. Bc1 Nb6 ({Deserved attention:} 
13... e5 14. Nb5 (14. Nb3 Nb4 15. Be3 Qc7 $11) 14... Be6 15. c4 Nb6 $11) 14. c3
a6 {[%csl Ga6][%cal Yd4b5] covering b5 square.} 15. Qe2 Qc7 16. Rd1 Re8 17. Nb3
Bd7 (17... e5 {comes to consideration.}) 18. Be3 $6 {White's dark-squared
bishop is going to be attacked by black knight and white will have some
problem to find good position for it. Better was} (18. Na5 {, but white
doesn't succeed to get something special:} Rab8 19. Be3 Bb5 20. Qc2 Na4 $1 $11
(20... Nd7 $2 21. a4 $16 Qxa5 $2 22. axb5 Qxb5 23. c4 $18) (20... Nc8 $2 21. a4
$1 Qxa5 22. axb5 Qxb5 23. Rd5 Qc4 24. Raa5 $1 (24. Rd7 Nd6) 24... Nd6 25. Bc5
$14)) 18... Bb5 19. Qc2 (19. Bxb6 Qxb6 20. Qe3 $11) 19... Nc4 20. Bd4 $6 {
White couldn't continue to play for an advantage, better option was to
equalize the game with} (20. Qe2 $11) 20... e5 21. Bc5 Rad8 22. Rxd8 Rxd8 {
[%cal Gb7b6] White has a serious problem with his dark-squared bishop. Black
threatens to catch it with b7-b6.} 23. a4 Bc6 24. Bxc6 Qxc6 25. Rd1 $2 {
loses the a4 pawn on the spot.} (25. Qe2 $142 $1 Qd5 26. a5 $15) 25... Rxd1+
26. Qxd1 Bf6 $1 $17 {[%csl Yf6][%cal Gc4b2,Gc6a4,Yf6d8] covering the d8 square.
Next move black is going to capture one of the white's attacked pawns- either
a4 or b2.} 27. Qe2 Qxa4 28. Qg4 Nb6 $1 ({Of course not} 28... Qxb3 $4 29. Qc8+
$18) 29. Bxb6 Qxb3 30. Qc8+ Kg7 31. Bc5 {threatening mate on f8.} (31. Qxb7 $4
Bd8) 31... h5 32. Bb4 {attacking the b7 pawn.} Qd1+ 33. Kh2 Qd5 $1 {[%csl Yb7,
Yf7][%cal Gd5b7,Gd5f7]} 34. c4 Qe6 $6 {Simpler was} (34... Qd8 $1 35. Qxb7 (35.
Qxd8 Bxd8 $19) 35... Qd4 {[%cal Gd4c4,Gd4f2]} 36. c5 (36. Qf3 e4 (36... Qxc4
37. Bf8+) 37. Qe2 Qxb2 $19) (36. Kg2 Qxc4 $19) 36... Qxf2+ 37. Qg2 Qd4 38. Qd2
(38. Ba3 e4 $19 {[%cal Gf6e5]}) 38... Qc4 $19 {[%cal Ge5e4]}) 35. Qxe6 (35.
Qxb7 Qxc4 $19) 35... fxe6 36. b3 e4 37. Bc5 Be5 {Black is going to activize
his king, transfering it to f5 via f6.} 38. Kg2 {White monarch is also going
to be activated by its transfer to central position- e2.} Kf6 39. Kf1 Kf5 40.
Ke2 Bb2 41. Bb6 Ke5 42. Bc5 Bd4 43. Bf8 Kf5 {Black pieces occupied the ideal
positions, so he is ready for decisive actions.} 44. Ba3 g5 45. Bc1 g4 $1 46.
hxg4+ $2 {loses on the spot. Right was} (46. h4 $142 $1 {which gives more
chance to white. But anyway this endgame has to be winning for black, due to
white's pawn location on kingside. (According to well-known rule, the pawns
have to be located on the squares of opposed colour to opponents' bishop
colour). For instance:} b5 47. cxb5 axb5 48. Be3 Ke5 49. Kd2 Kd5 $19 {[%cal
Ge6e5,Yd5c5,Yc5b4]}) 46... Kxg4 $1 {[%cal Yg4h3,Yh3g2]} 47. Bd2 Kh3 {Probably
white overlooked this transfer of king, which decides the result of the game.}
48. Be3 e5 49. b4 Kg2 50. b5 axb5 51. cxb5 b6 {Zugzwang.} (51... b6 52. Kd2 Kf3
$19) 0-1

[Event "EU-Cup 19th"]
[Site "Rethymno"]
[Date "2003.10.01"]
[Round "4.2"]
[White "Glek, Igor Vladimirovich"]
[Black "Scekic, Milos"]
[Result "1-0"]
[WhiteElo "2566"]
[BlackElo "2434"]
[Annotator "Erenburg,S"]
[PlyCount "37"]
[EventDate "2003.09.28"]
[EventType "team-swiss"]
[EventRounds "7"]
[EventCountry "GRE"]
[SourceTitle "CBM 098"]
[Source "ChessBase"]
[SourceDate "2004.02.03"]
[SourceVersion "1"]
[SourceVersionDate "2004.02.03"]
[SourceQuality "1"]
[WhiteTeam "Eupen Rochade"]
[BlackTeam "Glasinac"]
[WhiteTeamCountry "BEL"]
[BlackTeamCountry "BIH"]

1. e4 c6 2. d4 d6 3. Nc3 Nf6 4. f4 Qa5 5. Bd3 d5 {Rare continuation. Usually
black attacks white's center with} (5... e5 {0-1 Fernandez Romero,E-Motylev,A/
Linares 2001/CBM 81/[Finkel,A] (26)}) 6. e5 Ne4 7. Bxe4 {Another possible way
to fight for an advantage is} (7. Nge2 f5 8. exf6 $6 (8. O-O $142) 8... exf6 9.
Bd2 Nxd2 10. Qxd2 Na6 11. Ng3 Nb4 12. Be2 Bd6 13. O-O O-O $11 {0-1 Sedlak,
N-Scekic,M/Subotica 2002/CBM 87 ext (46)}) 7... dxe4 8. Bd2 $146 {According to
my database, this position appeared for the first time.In the previous games
white continued} (8. Qe2 f5 9. exf6 exf6 10. Bd2 Bb4 11. Nxe4 Bxd2+ 12. Qxd2
$16 {1/2-1/2 Acs,P-Okhotnik,V/Balatonbereny 1996/CBM 53 ext (66)}) (8. Qd2 Bf5
9. Nge2 e6 10. Qe3 Na6 11. Bd2 Nb4 12. Rc1 Qb6 13. a3 Nd5 $11 {1-0 Sakaev,
K-Petelin,A/Sochi 1990/TD (45)}) 8... Qb6 (8... Bf5 9. g4 $1) 9. Nge2 {White
has very big development advantage, which gives him quite good chances to
punish black for his opening strategy.} f5 {It is quite strange why doesn't
black complete the development, but continues to play with pawns.} (9... Qxb2
10. a4 $1 {[%cal Ga1b1]} Qb6 11. Nxe4 $32) ({In my opinion,} 9... Bf5 {was the
most logical continuation.}) 10. exf6 exf6 11. Nxe4 f5 $2 {Serious strategical
mistake. Black continues to play, quasi he has already completed the
development. This move weakens the g5 and e5 squares, which can be occupied by
white's knights.} ({Better was} 11... Qxb2 12. O-O Be7 13. Rf3 Qb6 $14 {
, but the position favours white anyway.} (13... Qb5 14. Re3 $32) (13... Bg4
14. Rb3 Bxe2 15. Rxb2 Bxd1 16. Rxd1 $14)) 12. Ng5 $16 {White's development
advantage is amazing. The only black's develop piece is queen!} Qxb2 $2 {
Very optimistic move. Black shouldn't go for winning back the pawn and castle
as soon as possible. He had to continue} (12... Be7 13. O-O O-O (13... Bxg5 14.
fxg5 Qxb2 15. Rf3) 14. Bc3 $16 (14. Rf3 $5)) (12... h6 13. Nf3 $16 {[%cal
Gf3e5] /+-}) 13. O-O Be7 14. Rf3 $1 {[%cal Gf3b3,Yf3e3] Maybe this important
resourse was underestimated by black. Black is going to be punished for his
faulty opening strategy.} Qb6 (14... Bxg5 15. Rb3 Qxb3 16. axb3 $18) (14... Qb5
15. Re3 $40) 15. Re3 $1 c5 $2 {This is too much! He weakens the central square
d5 and loses immediately.} ({More logical and stubborn was} 15... Na6 {But
after exact} 16. Qe1 {[%cal Ge1h4,Ga1e1] white gets a strong attack, which,
probably will not be parried by black.}) (15... Qd8 16. Bb4 $18) 16. Nc3 $1 $18
{emphasizing the drawbacks of black's previous move.} Qd8 17. Qh5+ $1 g6 18.
Qh6 {All the white pieces take part in the attack against the black monarch.
Black is hopeless against numeral white's threats.} Qd7 {The following
continuations change nothing:} (18... cxd4 19. Rxe7+ $1 Qxe7 20. Re1 Qxe1+ 21.
Bxe1 dxc3 22. Qg7 Rf8 23. Nxh7 Rf7 24. Qg8+ $18) (18... Qxd4 19. Nf3 Qd8 20.
Qg7 Rf8 21. Nd5 Nc6 22. Rae1 $18) 19. Rae1 1-0